| 000 | 00418nam a2200157Ia 4500 | ||
|---|---|---|---|
| 008 | 230312s9999||||xx |||||||||||||| ||und|| | ||
| 020 | _a078175027-x | ||
| 082 |
_a615.19 _bSIN-M |
||
| 100 | _aSinko ,Patrick | ||
| 245 | 0 | _aMatrins Physical Pharmacy and Pharmaceutical Sciences | |
| 260 |
_bLippincott Williams & Willkins _c2006 |
||
| 300 | _a795 | ||
| 546 | _aEng. | ||
| 650 |
_aPharmacy _vPharmaceutics |
||
| 942 | _cBK | ||
| 999 |
_c3789 _d3789 |
||